| 000 | 01239cam a22003011i 4500 | ||
|---|---|---|---|
| 003 | SA-RiAUC | ||
| 005 | 20251019132743.0 | ||
| 008 | 251009s1987 sy g b 00100 ara c | ||
| 040 |
_aSA-RiAUC _bara _cSA-RiAUC _erda |
||
| 050 | 4 | _b.F37 1987 | |
| 082 | 0 | 4 |
_a251.16 _qSA-RiAUC |
| 090 |
_a251.16 _bف ر ف |
||
| 100 | 1 |
_aالفرفور، محمد عبد اللطيف صالح، _d1945- _eمؤلف. |
|
| 245 | 1 | 0 |
_aنظرية الاستحسان في التشريع الإسلامي وصلتها بالمصلحة المرسلة / _cتأليف محمد عبد اللطيف صالح الفرفور. |
| 250 | _aالطبعة الأولى. | ||
| 264 | 1 |
_aدمشق : _bدار دمشق للطباعة والنشر، _c1987 |
|
| 300 |
_a151 صفحة ؛ _c24 سم |
||
| 336 |
_aنص _btxt _2rdacontent _3كتاب |
||
| 337 |
_aبدون وسيط _bn _2rdamedia |
||
| 338 |
_aمجلد _bnc _2rdacarrier |
||
| 500 | _aكشافات : صفحة 137-149. | ||
| 504 | _aببليوجرافية : صفحة 137-144. | ||
| 590 | _aعمر. | ||
| 650 | 7 |
_aالاستحسان (أصول فقه) _2aucsh |
|
| 650 | 7 |
_aالمصالح المرسلة (أصول فقه) _2aucsh |
|
| 942 |
_2ddc _cBOOK _n0 |
||
| 949 |
_aSA-JeALM _d251009 _umohamedma123 _n1 |
||
| 999 |
_c12592 _d12592 |
||